The Impact of family planning programs on fertility rates : a case study of four nations /

Bibliographic Details
Corporate Author: University of Chicago. Community and Family Study Center
Other Authors: Teachman, Jay
Format: Book
Language:English
Published: [Chicago] : Community and Family Study Center, University of Chicago, [1979]
Series:Community and Family Study Center monographs
Subjects:

MARC

Tag First Indicator Second Indicator Subfields
LEADER 00000cam a2200000 i 4500
001 in00000094623
005 20150927110517.0
008 790917s1979 ilu bs 00000 eng
010 |a  79051147  
020 |z 0898360111 
020 |a 0898360110 (pbk.) 
035 |a (OCoLC)05565161 
035 |9 AAL6493AM 
040 |a DLC  |c DLC  |d TXA  |d UtOrBLW 
049 |a TXAM  |c [1405389] 
050 0 0 |a HQ766  |b .I45 
082 0 |a 301.32/1 
245 0 4 |a The Impact of family planning programs on fertility rates :  |b a case study of four nations /  |c by Jay Teachman [and others]. 
264 1 |a [Chicago] :  |b Community and Family Study Center, University of Chicago,  |c [1979] 
264 4 |c ©1979 
300 |a vi, 155 pages :  |b graphs ;  |c 23 cm. 
336 |a text  |b txt  |2 rdacontent 
337 |a unmediated  |b n  |2 rdamedia 
338 |a volume  |b nc  |2 rdacarrier 
490 1 |a Community and Family Study Center monographs 
504 |a Includes bibliographies. 
650 0 |a Birth control  |x Case studies. 
650 0 |a Fertility, Human  |x Case studies. 
650 0 |a Family size  |x Case studies. 
700 1 |a Teachman, Jay. 
710 2 |a University of Chicago.  |b Community and Family Study Center. 
810 1 |a University of Chicago.  |b Community and Family Study Center.  |t Community and Family Study Center monograph. 
999 |a MARS 
999 f f |s cf006616-ee47-3673-958d-e463bcf95c3e  |i 438d1fdb-ca2f-315c-9daf-0c7ec1be53ee  |t 0 
952 f f |p ric  |a Texas A&M University  |b Rellis Campus  |c Joint Library Facility  |d Remote Storage  |t 0  |e HQ766 .I45  |h Library of Congress classification  |i unmediated -- volume  |m A14802964249 
998 f f |a HQ766 .I45  |t 0  |l Remote Storage